Nová semena kontemplace /

Hlavní autor: Merton, Thomas, 1915-1968
Další autoři: Lukáš, Ivo, 1963-
Jazyk: Čeština
Vydáno: Brno : Lukáš a syn s.r.o., 2023
Vydání: Třetí vydání
Témata:
Fyzický popis: 181 stran ; 21 cm
Knihy
Uloženo v:
LEADER 02424nam a2200685 i 4500
001 nkc20233575235
003 CZ PrNK
005 20250430162420.0
007 ta
008 231123s2023 xr e 000 0 cze
015 |a cnb003575235 
020 |a 978-80-7364-162-7  |q (brožováno) 
035 |a (OCoLC)1519101754 
040 |a BOA001  |b cze  |e rda 
041 1 |a cze  |h eng 
072 7 |a 27-5  |x Liturgie. Křesťanské umění a symbolika. Duchovní život  |2 Konspekt  |9 5 
080 |a 27-184  |2 MRF 
080 |a 27-583  |2 MRF 
080 |a 27-584.5  |2 MRF 
080 |a 27-584  |2 MRF 
080 |a 27-788-1/-9  |2 MRF 
080 |a 27-4  |2 MRF 
080 |a 27-423.79  |2 MRF 
080 |a 27  |2 MRF 
080 |a (049)  |2 MRF 
100 1 |a Merton, Thomas,  |d 1915-1968  |7 jn19990005627  |4 aut 
240 1 0 |a New seeds of contemplation.  |l Česky 
245 1 0 |a Nová semena kontemplace /  |c Thomas Merton ; přeložil Ivo Lukáš 
250 |a Třetí vydání 
264 1 |a Brno :  |b Lukáš a syn s.r.o.,  |c 2023 
300 |a 181 stran ;  |c 21 cm 
336 |a text  |b txt  |2 rdacontent 
337 |a bez média  |b n  |2 rdamedia 
338 |a svazek  |b nc  |2 rdacarrier 
500 |a Přeloženo z angličtiny 
650 0 7 |a Bůh a člověk  |7 ph116953  |x křesťanské pojetí  |2 czenas 
650 0 7 |a kontemplace  |7 ph121815  |2 czenas 
650 0 7 |a kontemplativní modlitba  |7 ph121816  |2 czenas 
650 0 7 |a duchovní cesta  |7 ph119626  |2 czenas 
650 0 7 |a duchovní život  |7 ph114375  |2 czenas 
650 0 7 |a mnišský život  |7 ph115336  |2 czenas 
650 0 7 |a křesťanský život  |7 ph122132  |2 czenas 
650 0 7 |a křesťanská láska  |7 ph122100  |2 czenas 
650 0 9 |a relations between God and man  |x Christian approach  |2 eczenas 
650 0 9 |a contemplation  |2 eczenas 
650 0 9 |a contemplative prayer  |2 eczenas 
650 0 9 |a spiritual path  |2 eczenas 
650 0 9 |a spiritual life  |2 eczenas 
650 0 9 |a monkish life  |2 eczenas 
650 0 9 |a Christian life  |2 eczenas 
650 0 9 |a charity  |2 eczenas 
655 7 |a pojednání  |7 fd133056  |2 czenas 
655 9 |a essays  |2 eczenas 
700 1 |a Lukáš, Ivo,  |d 1963-  |7 jn20010309482  |4 trl 
910 2 |a BOA001  |b 2-1529.287 
990 |a BK 
995 |a 01 
991 |b 202408  |c NOV 
996 6 |b 2610977807  |c 2-1529.287  |l MZK  |r Sklad / do 1 hodiny  |n 1  |p p.v.  |w 001974743  |u 000010  |a 1  |e BOA001  |j MZK50  |s P 
996 7 |b 2610977808  |c 2-1529.287  |l MZK  |r Sklad / do 1 hodiny  |n 0  |p p.v.  |w 001974743  |u 000020  |a 1  |e BOA001  |j MZK50  |s A